Le plus petit en Afrique - Statistiques

Statistiques générales
  • Ce quiz a été pris 428 fois
    287 depuis la dernière actualisation
  • Le résultat moyen est 34 sur 45
Statistiques - réponses
Hint Answ % Correct
Pays Cap-Vert
85%
Population Cap-Vert
85%
Triste Rwanda
84%
Pays Seychelles
84%
Population Seychelles
84%
Capitale Victoria | Seychelles
84%
Capitale Mbabane | Eswatini
82%
Capitale Sao Tomé | Sao Tomé-et-Principe
82%
Pays Sao Tomé-et-Principe
82%
Population São Tomé-et-Principe
82%
Jetpunk Sao Tomé-et-Principe
82%
Visité Sao Tomé-et-Principe
82%
Pays Comores
81%
Population Comores
81%
Jetpunk Comores
81%
Visité Comores
81%
Capitale Moroni | Comores
81%
PIB/capita RD Congo
81%
Cher Algerie
79%
PIB/capita Burundi
79%
Triste Burundi
79%
Jetpunk Burundi
79%
Pays Île Maurice
79%
Densément Libye
79%
PIB/capita Niger
79%
Population Guinée Equatoriale
76%
Visité Guinée Equatoriale
76%
Triste Togo
76%
Cher Tunisie
75%
Capitale Banjul | Gambie
74%
PIB/capita Érythrée
74%
Jetpunk Guinée-Bissau
74%
Visité Guinée-Bissau
74%
Densément Namibie
73%
Cher Zambie
72%
Cher Egypte
70%
PIB/capita Republiqué Centrafricaine
70%
Triste Republiqué Centrafricaine
70%
Densément Republiqué Centrafricaine
70%
Densément Mauritanie
69%
Visité Mauritanie
69%
Triste Tanzanie
65%
Densément Botswana
64%
Cher Afrique du Sud
60%
Jetpunk Burkina Faso
58%
Aucun quiz correspondant
Distribution des résultats
% des personnes avec chaque résultat
Percentile par nombre de réponses
Votre historique - résultats
Vous n’avez pas pris ce quiz depuis la dernière actualisation